000 00931nam a22002417a 4500
005 20240530110443.0
008 150422s2011 su aod f b 000 0 ara d
017 _a1431/9976
_bالسعودية . مكتبة الملك فهد الوطنية
020 _a9786038005583
040 _aEG-CaGPL
082 0 4 _221
_a646.4\
_bإ ت
100 0 _aايهاب فاضل ابو موسى
245 1 0 _aتصميم الملابس :
_bخطوة بخطوة على الحاسوب /
_cتاليف ايهاب فاضل ابو موسى
250 _aط2
260 _aالرياض :
_bدار الزهراء للنشر و التوزيع ،
_c2011 .
300 _a144 ص :
_bايض ؛
_c24 سم .
504 _aيشتمل على ارجاعات ببليوجرافية
650 0 4 _aتصميم الازياء
650 0 4 _aتفصيل الملابس
650 0 4 _aالحياكة
942 _2ddc
_cBK
999 _c61082
_d61082